Deutsch-englisches Glossarium finanzieller und wirtschaftlicher Fachausdrücke
Salvato in:
| Autore principale: | |
|---|---|
| Altri autori: | |
| Natura: | Libro |
| Lingua: | tedesco |
| Pubblicazione: |
Frankfurt/Main
Fritz Knapp Verlag
1962
|
| Edizione: | 4. Aufl. |
| Tags: |
Nessun Tag, puoi essere il primo ad aggiungerne!!
|
MARC
| LEADER | 00000nam a2200000 4500 | ||
|---|---|---|---|
| 001 | c122797 | ||
| 005 | 20150325110633.7 | ||
| 041 | 0 | |a ger | |
| 044 | |a DE | ||
| 245 | 1 | 0 | |a Deutsch-englisches Glossarium finanzieller und wirtschaftlicher Fachausdrücke |c C.A. Gunston, C.M. Corner |
| 250 | |a 4. Aufl. | ||
| 264 | 1 | |a Frankfurt/Main |b Fritz Knapp Verlag |c 1962 | |
| 100 | 1 | |a Gunston, C.A. | |
| 700 | 1 | |a Corner, C.M. | |